书目信息 |
| 题名: |
一步到位
|
|
| 作者: | 博雅 主编 | |
| 分册: | 中学生必备古诗文 | |
| 出版信息: | 北京 中国社会出版社 2018 |
|
| 页数: | 122页 | |
| 开本: | 29cm | |
| 丛书名: | ||
| 单 册: | ||
| 中图分类: | G634.303 | |
| 科图分类: | ||
| 主题词: | 古典诗歌--中国--中学--教学参考资料 | |
| 电子资源: | ||
| ISBN: | 978-7-5087-5867-1 | |
| 000 | 00605nam0 2200217 45 | |
| 001 | 012001003129 | |
| 005 | 20140102104351.0 | |
| 010 | @a978-7-5087-5867-1@dCNY35.00 | |
| 100 | @a20180612d2018 demy0chiy50 ea | |
| 101 | 0 | @achi |
| 102 | @aCN@b110000 | |
| 105 | @ay z 000yy | |
| 106 | @ar | |
| 200 | 1 | @a一步到位@Ayi bu dao wei@i中学生必备古诗文@f博雅主编 |
| 210 | @a北京@c中国社会出版社@d2018 | |
| 215 | @a122页@d29cm | |
| 606 | 0 | @a古典诗歌@x中国@x中学@j教学参考资料 |
| 690 | @aG634.303@v5 | |
| 701 | 0 | @a博雅@Abo ya@4主编 |
| 801 | @b江苏凤凰@c20191020 | |
| 905 | @b1235235-40@dG634.303@e1568@f6 | |
| 一步到位.中学生必备古诗文/博雅主编.-北京:中国社会出版社,2018 |
| 122页;29cm |
| ISBN 978-7-5087-5867-1:CNY35.00 |
| ● |
| 相关链接 |
|
|
|
|
正题名:一步到位
索取号:G634.303/1568
 
预约/预借
| 序号 | 登录号 | 条形码 | 馆藏地/架位号 | 状态 | 备注 |
| 1 | 1235235 | 212352354 | 第一样本阅览室/ [索取号:G634.303/1568] | 在馆 | |
| 2 | 1235236 | 212352363 | 第四借阅区/ [索取号:G634.303/1568] | 在馆 | |
| 3 | 1235237 | 212352372 | 第四借阅区/ [索取号:G634.303/1568] | 在馆 | |
| 4 | 1235238 | 212352381 | 教育系资料室/ [索取号:G634.303/1568] | 在馆 | |
| 5 | 1235239 | 212352390 | 教育系资料室/ [索取号:G634.303/1568] | 在馆 | |
| 6 | 1235240 | 212352407 | 教育系资料室/ [索取号:G634.303/1568] | 在馆 |